Países mais brancos na América Latina - Statistics

Estatísticas Gerais
  • Esse quiz foi jogado 85 vezes
  • A pontuação média é 10 de 20
Estatísticas das Respostas
# Países (%) População % Correto
1 Uruguai 88%
98%
2 Argentina 70%
91%
3 Brasil 48%
88%
4 Chile 47%
79%
5 Costa Rica 45%
54%
8 Colômbia 37%
49%
6 Cuba 42%
47%
7 Venezuela 39%
47%
9 Paraguai 32%
46%
20 Haiti 5%
44%
19 Bolívia 10,2%
41%
13 Equador 22%
41%
11 Nicarágua 27%
41%
10 México 30%
40%
15 Peru 17%
38%
12 El Salvador 25%
37%
18 Guatemala 12%
33%
16 Honduras 15%
32%
17 Panamá 15%
31%
14 República Dominicana 20%
28%
Nenhum quiz correspondente encontrado
Distribuição das Pontuações
Porcentagem de Pessoas com Cada Pontuação
Percentil de Números Respondidos
Sua Pontuação Histórica
Você não jogou esse quiz